[Event "Wch U14"]
[Site "Montesilvano"]
[Date "2023.11.18"]
[Round "6"]
[White "Dinh, Nho Kiet"]
[Black "Banh, Gia Huy"]
[Result "1/2-1/2"]
[WhiteElo "2253"]
[BlackElo "2397"]
[PlyCount "92"]
[EventDate "2023.11.13"]
[EventType "swiss"]
[EventRounds "11"]
[EventCountry "ITA"]
[SourceTitle "CB48_2023"]
[SourceDate "2023.11.29"]
[SourceVersion "1"]
[SourceVersionDate "2023.11.29"]
[SourceQuality "1"]

1. d4 Nf6 2. Nf3 d5 3. e3 e6 4. Bd3 c5 5. c3 Nbd7 6. Nbd2 Be7 7. 0-0 0-0 8. Qe2 b6 9. e4 dxe4 10. Nxe4 Bb7 11. Rd1 Nxe4 12. Bxe4 Bxe4 13. Qxe4 Nf6 14. Qb7 Qb8 15. Qxb8 Raxb8 16. Bg5 h6 17. Bxf6 Bxf6 18. Ne5 Rb7 19. f4 cxd4 20. Rxd4 Bxe5 21. fxe5 Rc8 22. Kf2 Rc5 23. Re1 Kf8 24. Re3 Ke7 25. Kf3 Rd7 26. Rxd7+ Kxd7 27. Rd3+ Ke7 28. Ke4 f5+ 29. exf6+ gxf6 30. Rd4 Rh5 31. h3 Rg5 32. g4 h5 33. Kf3 hxg4+ 34. hxg4 Rc5 35. Ke4 Rc7 36. Rd2 Rc4+ 37. Kf3 e5 38. Rh2 Kd6 39. Rh7 Rf4+ 40. Kg3 a5 41. Rb7 Kc6 42. Re7 Kd5 43. Rb7 Kc5 44. Rc7+ Kd6 45. Rb7 Kc6 46. Re7 Kd5 1/2-1/2

[Event "Wch U14 blitz"]
[Site "Batumi"]
[Date "2023.06.10"]
[Round "3"]
[White "Dinh, Nho Kiet"]
[Black "Uskov, Artem"]
[Result "0-1"]
[WhiteElo "2180"]
[BlackElo "2345"]
[PlyCount "65"]
[EventDate "2023.06.10"]
[EventType "swiss (blitz)"]
[EventRounds "11"]
[EventCountry "GEO"]
[SourceTitle "EXT 2024"]
[Source "ChessBase"]
[SourceDate "2023.10.10"]
[SourceVersion "1"]
[SourceVersionDate "2023.10.10"]
[SourceQuality "1"]
[WhiteTeam "Vietnam"]
[BlackTeam "FIDE"]
[WhiteTeamCountry "VIE"]

1. d4 Nf6 2. c4 g6 3. Nc3 Bg7 4. e4 d6 5. Be2 0-0 6. Be3 e5 7. d5 a5 8. g4 Na6 9. h4 Qe7 10. h5 c6 11. h6 Bh8 12. f3 Bd7 13. Nh3 Rfc8 14. Qd2 Nc7 15. Nf2 cxd5 16. Nxd5 Nfxd5 17. cxd5 Nb5 18. Bxb5 Bxb5 19. Nd3 Qd8 20. Kf2 Bf6 21. Rac1 Be7 22. Rxc8 Rxc8 23. Rc1 Ba6 24. Rxc8 Qxc8 25. b3 Qd7 26. Kg2 Qb5 27. Ne1 Qf1+ 28. Kh2 Be2 29. Qc3 Bf8 30. Bb6 Bxh6 31. Ng2 Bxf3 32. Qc8+ Kg7 33. g5 0-1

[Event "Wch U14 rapid"]
[Site "Batumi"]
[Date "2023.06.08"]
[Round "10"]
[White "Averin, Nikolay"]
[Black "Dinh, Nho Kiet"]
[Result "1-0"]
[WhiteElo "2295"]
[BlackElo "2073"]
[PlyCount "109"]
[EventDate "2023.06.06"]
[EventType "swiss (rapid)"]
[EventRounds "11"]
[EventCountry "GEO"]
[SourceTitle "EXT 2024"]
[Source "ChessBase"]
[SourceDate "2023.10.10"]
[SourceVersion "1"]
[SourceVersionDate "2023.10.10"]
[SourceQuality "1"]
[WhiteTeam "FIDE"]
[BlackTeam "Vietnam"]
[BlackTeamCountry "VIE"]

1. e4 c6 2. d4 d5 3. Nd2 dxe4 4. Nxe4 Bf5 5. Ng3 Bg6 6. Nf3 Nd7 7. h4 h6 8. h5 Bh7 9. Bd3 Bxd3 10. Qxd3 e6 11. Bd2 Qc7 12. 0-0-0 0-0-0 13. Kb1 Ngf6 14. Ne4 c5 15. Nxf6 Nxf6 16. c3 c4 17. Qe2 Bd6 18. Rh4 Qc6 19. Ne5 Qc7 20. Nxc4 Rhe8 21. Nxd6+ Qxd6 22. c4 Qc6 23. g3 Kb8 24. Bf4+ Ka8 25. Be5 Re7 26. Bxf6 gxf6 27. Rf4 Red7 28. Rxf6 Rxd4 29. Rxd4 Rxd4 30. Rxf7 a6 31. Qf3 Re4 32. b3 Re1+ 33. Kb2 Qb6 34. Qd3 Qc5 35. Rf4 Qe5+ 36. Qd4 Re2+ 37. Kb1 Re1+ 38. Kb2 Re2+ 39. Kc1 Re1+ 40. Kc2 Re2+ 41. Kd3 Qxd4+ 42. Kxd4 e5+ 43. Kd3 Rxa2 44. Rf6 Rb2 45. Rxh6 Rxb3+ 46. Ke4 a5 47. Rh8+ Ka7 48. h6 Rb6 49. c5 Rf6 50. h7 Rh6 51. g4 Rh4 52. Kd3 a4 53. g5 a3 54. Kc2 Rh2 55. Kb3 1-0

[Event "Wch U14 rapid"]
[Site "Batumi"]
[Date "2023.06.08"]
[Round "8"]
[White "Kiladze, Luka"]
[Black "Dinh, Nho Kiet"]
[Result "0-1"]
[WhiteElo "1814"]
[BlackElo "2073"]
[PlyCount "80"]
[EventDate "2023.06.06"]
[EventType "swiss (rapid)"]
[EventRounds "11"]
[EventCountry "GEO"]
[SourceTitle "EXT 2024"]
[Source "ChessBase"]
[SourceDate "2023.10.10"]
[SourceVersion "1"]
[SourceVersionDate "2023.10.10"]
[SourceQuality "1"]
[WhiteTeam "Georgia"]
[BlackTeam "Vietnam"]
[WhiteTeamCountry "GEO"]
[BlackTeamCountry "VIE"]

1. d4 Nf6 2. c4 e6 3. Nf3 b6 4. g3 Bb7 5. Bg2 Be7 6. 0-0 0-0 7. Re1 c5 8. d5 exd5 9. Nh4 Ne4 10. cxd5 Bxh4 11. Bxe4 Bf6 12. Nc3 d6 13. Bf4 a6 14. Qc2 h6 15. a4 Re8 16. Bg2 Qc7 17. Rad1 Nd7 18. Ne4 Be5 19. Bxe5 Nxe5 20. Nc3 c4 21. h3 Rac8 22. f4 Nd7 23. e4 Nc5 24. Bf1 b5 25. Kh2 b4 26. Nb1 c3 27. bxc3 b3 28. Qb2 Qb6 29. Bg2 Nxa4 30. Qd2 Qc5 31. e5 Nb6 32. Qd3 Qc4 33. Qf5 dxe5 34. Rxe5 Rxe5 35. fxe5 Bxd5 36. Rxd5 Nxd5 37. Bxd5 Qe2+ 38. Kg1 Qd1+ 39. Kh2 Qc2+ 40. Qxc2 bxc2 0-1

[Event "Wch U14 rapid"]
[Site "Batumi"]
[Date "2023.06.07"]
[Round "7"]
[White "Dinh, Nho Kiet"]
[Black "Pham, Tran Gia Phuc"]
[Result "1/2-1/2"]
[WhiteElo "2073"]
[BlackElo "2085"]
[PlyCount "128"]
[EventDate "2023.06.06"]
[EventType "swiss (rapid)"]
[EventRounds "11"]
[EventCountry "GEO"]
[SourceTitle "EXT 2024"]
[Source "ChessBase"]
[SourceDate "2023.10.10"]
[SourceVersion "1"]
[SourceVersionDate "2023.10.10"]
[SourceQuality "1"]
[WhiteTeam "Vietnam"]
[BlackTeam "Vietnam"]
[WhiteTeamCountry "VIE"]
[BlackTeamCountry "VIE"]

1. d4 d5 2. c4 e6 3. Nc3 a6 4. cxd5 exd5 5. Bf4 Nf6 6. e3 Bd6 7. Bxd6 Qxd6 8. Bd3 0-0 9. Nge2 b6 10. 0-0 Bb7 11. Ng3 Nbd7 12. Qf3 g6 13. Rfd1 c5 14. Rac1 Rfe8 15. Nce2 Rac8 16. a3 Rc7 17. dxc5 bxc5 18. Qf4 Qxf4 19. Nxf4 Rec8 20. Nge2 Nb6 21. h4 h6 22. b4 Na4 23. bxc5 Rxc5 24. Rxc5 Rxc5 25. Rb1 Bc8 26. Rb4 Nc3 27. Rb6 Kg7 28. Nd4 Ng4 29. Rc6 Rxc6 30. Nxc6 Nd1 31. Nh3 Nb2 32. Be2 Nc4 33. a4 Nf6 34. Nf4 Bd7 35. Nb4 a5 36. Nbxd5 Nxd5 37. Nxd5 Nb2 38. Bb5 Bxb5 39. axb5 Nc4 40. b6 Nd6 41. Kf1 f5 42. Ke2 Kf7 43. Kd3 Ke6 44. Kd4 g5 45. hxg5 hxg5 46. f3 Kd7 47. Kc5 Nb7+ 48. Kb5 Kd6 49. Nc3 Kd7 50. e4 f4 51. e5 Ke6 52. Kc6 Nd8+ 53. Kc7 Ke7 54. Nd5+ Ke8 55. b7 Nxb7 56. Kxb7 Kd7 57. Kb6 Ke6 58. Nc3 Kxe5 59. Kxa5 Kd4 60. Ne4 g4 61. Kb4 Ke3 62. fxg4 Kxe4 63. Kc4 Ke5 64. Kc5 Kf6 1/2-1/2

[Event "Hanoi IM"]
[Site "Hanoi"]
[Date "2023.05.25"]
[Round "8"]
[White "Dinh, Nho Kiet"]
[Black "Banh, Gia Huy"]
[Result "1/2-1/2"]
[WhiteElo "2209"]
[BlackElo "2225"]
[PlyCount "42"]
[EventDate "2023.05.22"]
[EventType "tourn"]
[EventRounds "9"]
[EventCountry "VIE"]
[EventCategory "2"]
[SourceTitle "CBM 214 Extra"]
[Source "ChessBase"]
[SourceDate "2023.07.31"]
[SourceVersion "1"]
[SourceVersionDate "2023.07.31"]
[SourceQuality "1"]

1. d4 Nf6 2. c4 e6 3. Nc3 d5 4. cxd5 exd5 5. Bg5 c6 6. e3 Be7 7. Bd3 Nbd7 8. Nge2 h6 9. Bh4 Nh5 10. Bxe7 Qxe7 11. 0-0 0-0 12. Qc2 Nb6 13. Ng3 Nxg3 14. hxg3 Bd7 15. Ne2 Nc8 16. a4 Re8 17. a5 a6 18. Nc3 Nd6 19. Na4 Qf6 20. Nc5 Re7 21. Qe2 Bf5 1/2-1/2

[Event "VIE-chT"]
[Site "Hanoi"]
[Date "2023.04.18"]
[Round "1"]
[White "Dinh, Nho Kiet"]
[Black "Nguyen, Duc Hieu"]
[Result "1-0"]
[WhiteElo "2209"]
[BlackElo "1982"]
[PlyCount "85"]
[EventDate "2023.04.18"]
[EventType "swiss"]
[EventRounds "9"]
[EventCountry "VIE"]
[SourceTitle "EXT 2024"]
[Source "ChessBase"]
[SourceDate "2023.10.10"]
[SourceVersion "1"]
[SourceVersionDate "2023.10.10"]
[SourceQuality "1"]

1. d4 d5 2. c4 e6 3. Nc3 Nf6 4. cxd5 exd5 5. Bg5 Nbd7 6. e3 c6 7. Bd3 Bd6 8. Nge2 Qc7 9. h3 0-0 10. 0-0 h6 11. Bh4 b6 12. Rc1 a6 13. f3 c5 14. dxc5 Bxc5 15. Nd4 b5 16. Kh1 Qb6 17. Bf5 Bb7 18. a4 b4 19. a5 Qd6 20. Na4 Ba7 21. Qd2 Rfe8 22. Rfe1 Bb8 23. f4 Bc7 24. Bxf6 Nxf6 25. Nc5 Bc8 26. Bxc8 Rexc8 27. Nf5 Qd8 28. Qd4 Bxa5 29. Nb7 Rxc1 30. Rxc1 Qb6 31. Nxa5 Qxa5 32. Nxh6+ Kf8 33. Nf5 Re8 34. Kh2 Qd8 35. Rc6 Re6 36. Qc5+ Kg8 37. Rc8 Qxc8 38. Qxc8+ Kh7 39. Qc5 g6 40. Nd4 Rxe3 41. Nf3 Re8 42. Ng5+ Kg7 43. Qc7 1-0